000 00303pam a2200133 a 4500
020 _c
041 _h
082 _a743.6
_bSMI
100 _aDucan Smith .
245 _aEssential Guide to Drawing
_hTextual Documents
260 _a[s.l]:
_bArcturus ,
_c2012.
300 _a48:
_bpaper.
930 _a7235
999 _c241025
_d241025